Medzinárodná obyčaj a niektoré otázky jej tvorby

Pojem medzinárodná obyčaj. Názory renomovaných autorov na problém tvorby medzinárodnej obyčaje. Prax medzinárodných tribunálov a názory na rezolúcie medzinárodných organizácií najmä VZ OSN a zvlášť na príklade humanitárnej intervencie.

Saved in:
Bibliographic Details
Main Author: Azud, Ján
Format: Book Chapter
Language:Slovak
Subjects:
Tags: Add Tag
No Tags, Be the first to tag this record!

MARC

LEADER 00000naa$a2200000$$$4500
001 0038335
005 20231102091544.7
041 0 |a slo 
044 |a SK 
245 1 0 |a Medzinárodná obyčaj a niektoré otázky jej tvorby  |c Ján Azud 
520 |a Pojem medzinárodná obyčaj. Názory renomovaných autorov na problém tvorby medzinárodnej obyčaje. Prax medzinárodných tribunálov a názory na rezolúcie medzinárodných organizácií najmä VZ OSN a zvlášť na príklade humanitárnej intervencie. 
610 2 0 |a zvyklosti kultúrne 
610 2 0 |a definície 
610 2 0 |a dohody medzinárodné 
610 2 0 |a právo medzinárodné 
610 2 0 |a morálka 
610 2 0 |a poriadok právny 
610 2 0 |a intervencie 
610 2 0 |a práva ľudské 
100 1 |a Azud, Ján